Standards of Practice Handbook /
محفوظ في:
| مؤلف مشترك: | |
|---|---|
| التنسيق: | كتاب |
| اللغة: | الإنجليزية |
| منشور في: |
Charlottesville, EUA :
Chartered Financial Analyst Institute,
2005, c2005
|
| الطبعة: | 9a edición |
| الموضوعات: | |
| الوسوم: |
لا توجد وسوم, كن أول من يضع وسما على هذه التسجيلة!
|
MARC
| LEADER | 00000nam^a2200000^a^4500 | ||
|---|---|---|---|
| 001 | 000182641 | ||
| 005 | 20250521000000.0 | ||
| 009 | 20260310102014.07 | ||
| 020 | |a 1-932495-33-9 | ||
| 037 | |a Acervo ITESO - Biblioteca | ||
| 041 | |a ING | ||
| 082 | |a 332. 6076 |b CFA STA 2005 | ||
| 110 | |a Chartered Financial Analyst Institute. |b Chartered Financial Analyst Program | ||
| 245 | 1 | 0 | |a Standards of Practice Handbook / |c CFA Institute. |
| 250 | |a 9a edición | ||
| 264 | 4 | |a Charlottesville, EUA : |b Chartered Financial Analyst Institute, |c 2005, c2005 | |
| 300 | |a XI, 169 p. | ||
| 336 | |a texto |b txt |2 rdacontenido | ||
| 337 | |a sin mediación |b n |2 rdamedio | ||
| 338 | |a volumen |b nc |2 rdasoporte | ||
| 649 | |a XX | ||
| 650 | |a Etica Profesional - |x Tema Principal | ||
| 650 | |a Etica en los Negocios | ||
| 650 | |a Lealtad | ||
| 650 | |a Prudencia | ||
| 650 | |a Confianza - |x Aspectos Eticos | ||
| 650 | |a Toma de Decisiones | ||
| 650 | |a Negociación y Mediación | ||
| 650 | |a Comunicación Personal | ||
| 650 | |a Derecho a la Información | ||
| 650 | |a Derecho a la Intimidad | ||
| 650 | |a Secreto Profesional - |x Aspectos Eticos | ||
| 650 | |a Mercado de Valores | ||
| 650 | |a Acciones (Títulos, Valores) | ||
| 650 | |a Mercado de Capitales | ||
| 650 | |a Inversiones - |x Aspectos Eticos - |x Tema Principal | ||
| 650 | |a Riesgo Económico | ||
| 650 | |a Finanzas - |x Aspectos Eticos | ||
| 650 | |a Administración Financiera - |x Prácticas Profesionales | ||
| 650 | |a Administración Financiera - |x Aspectos Eticos | ||
| 650 | |a Administración Financiera - |x Prácticas Profesionales | ||
| 650 | |a Ciencias Administrativas | ||
| 910 | |a Fondo General | ||
| 920 | |a Impresos - Libros | ||
| 930 | |a Colección General | ||
| 905 | |a 101 | ||
| 901 | |a 0500122605 |b IT1 |c ACC |u 20250521 | ||
| 902 | |a https://opac.biblio.iteso.mx/vufind/Record/000182641 | ||